| 000 | 00685nam a2200193 a 4500 | ||
|---|---|---|---|
| 001 | 5811 | ||
| 003 | CDMR | ||
| 005 | 20130313105236.0 | ||
| 008 | 130130s ||||||||||||||||||||||||||||d | ||
| 020 | _a8429730931 | ||
| 040 |
_aCDMR _bcat _cCDMR |
||
| 245 | 0 | 0 |
_aHistòria gràfica de Catalunya dia a dia 1989 _c[creació, direcció i disseny: Joaquim Sabrià, Marisa Trigo i Enric Mir] ; redacció de Xavier Febrés; pròleg d'Àlex Broch ; entrevistes de Patrícia Gabancho |
| 260 |
_aBarcelona _bEdicions 62 _c1990 |
||
| 700 | 1 |
_93031 _aMir, Enric |
|
| 700 | 1 |
_91324 _aFebrés, Xavier |
|
| 700 | 1 |
_92677 _aGabancho, Patrícia |
|
| 700 | 1 |
_91203 _aIbañez Escofet, Manuel |
|
| 942 |
_cMON _2udc |
||
| 999 |
_c5811 _d5811 |
||